00720nam a22001937a 450000500170000001000150001702000270003203500130005903700130007210000230008524501090010826000430021727000400026030000230030050000500032394200170037399900170039095201190040720130724171313.0 aENG-108129 c1200.00a9789351049876 aEN-91662 bDBAD/PUB aMohammed Alimuddin aThe heritage of Persian Literature in the history of Bengal : cby Mohammed Alimuddinbin 19th century / aKolkatabSarfaraz Printing Housec2013 aS.N. Banerjee RoadbKolkatae700014 avi,765p.c30cm(Hb) aIncludes bibliographical references and index 2ddccENmALI c77980d77980 001040718NFICaDBADbDBADd2013-07-23eDBAD/PUBg1200.00l0oALIpEN-91662r2013-07-23 00:00:00t1v1200.00yEN